000 00447nam a2200157 i 4500
001 70291
003 ES-MaACL
005 20230906170758.0
007 t|
008 040721s1973 sp ||||1| spa d
100 1 _aGarcía Roca, Joaquín.
_955188
245 1 0 _aTesoro de la salud psicosomática /
_cpor Joaquín García Roca.
260 _aBarcelona :
_bSanatorium,
_c1973.
300 _a294 p. ;
_c19 cm.
852 _aES-MaACL
_jC-53660
_bR.86804
999 _c70291
_d70291